000 01305pam a2200313 a 4500
001 3415341
003 OSt
005 20250925160859.0
008 901126s1991 enka 001 0 eng
010 _a 90025666
020 _a0198593740 (hard) :
_c£45.00 (est.) ($67.50 U.S.)
040 _aDLC
_cmust
_dDLC
050 0 0 _aTK7871.85
_b.M5754 1991
082 0 0 _a621.381 ALB 1991
_220
100 1 _aMöschwitzer, Albrecht.
_919338
245 1 0 _aSemiconductor Devices, Circuits, and Systems
260 _aOxford [England] ;
_aNew York :
_bClarendon Press ;
_aNew York :
_bOxford University Press,
_c1991.
300 _axvi, 352 p. :
_bill. ;
_c25 cm.
440 0 _aOxford science publications
440 0 _aMonographs in electrical and electronic engineering ;
_v24
_919339
504 _aIncludes bibliographical references, & index.
650 0 _aSemiconductors.
_913406
650 0 _aCircuits
_919340
856 4 2 _3Publisher description
_uhttp://www.loc.gov/catdir/enhancements/fy0640/90025666-d.html
856 4 1 _3Table of contents only
_uhttp://www.loc.gov/catdir/enhancements/fy0640/90025666-t.html
906 _a7
_bcbc
_corignew
_d1
_eocip
_f19
_gy-gencatlg
942 _2ddc
_cB_BANK
999 _c9484
_d9484